Statistics for UK Towns Quiz - Nottinghamshire - Extreme

Click here to take the quiz!

General Stats

  • This quiz has been taken 11 times
  • The average score is 24 of 77

Answer Stats

CluePopulationName of Town% Correct
N299,797Nottingham
100%
M63,438Mansfield
91%
M19,525Mansfield Woodhouse
91%
B52,356Beeston
82%
A39,995Arnold
73%
E1,763East Bridgford
73%
H35,849Hucknall
73%
W36,487West Bridgford
73%
W43,439Worksop
73%
C53,555Carlton
64%
C5,461Carlton in Lindrick
64%
K21,285Kirkby-in-Ashfield
64%
N29,748Newark-on-Trent
64%
S2,062Sutton Bonington
64%
S36,404Sutton-in-Ashfield
64%
S1,247Sutton-on-Trent
64%
C22,936Clifton
55%
E18,887Eastwood
55%
R23,740Retford
55%
S7,409Southwell
55%
C7,320Calverton
45%
C2,140Church Warsop
45%
G1,569Gotham
45%
M6,970Market Warsop
45%
N10,872New Ollerton
45%
R7,204Radcliffe-on-Trent
45%
B10,108Bingham
36%
K6,821Keyworth
36%
K4,468Kimberley
36%
B2,149Bestwood Village
27%
B3,497Bilsthorpe
27%
C7,793Cotgrave
27%
E8,555East Leake
27%
N9,576Nuthall
27%
R7,496Ruddington
27%
S15,041Stapleford
27%
T2,165Trowell
27%
B12,875Balderton
18%
B4,293Blidworth
18%
C2,866Collingham
18%
F19,004Forest Town
18%
G2,174Gamston
18%
H8,884Harworth
18%
L1,847Lowdham
18%
N2,207Newstead
18%
R7,988Rainworth
18%
R5,366Ravenshead
18%
T1,976Tollerton
18%
A6,162Annesley Woodhouse
9%
A2,173Aslockton
9%
A2,444Awsworth
9%
B4,514Brinsley
9%
C1,166Coddington
9%
C1,901Cropwell Bishop
9%
E4,759Edwalton
9%
F2,473Farndon
9%
F3,217Farnsfield
9%
H5,066Huthwaite
9%
M2,094Meden Vale
9%
M2,191Misterton
9%
R1,034Ranby
9%
S6,282Selston
9%
T2,813Tuxford
9%
W1,216Walesby
9%
W4,850Wilford
9%
W1,648Woodborough
9%
B1,205Beckingham
0%
B1,264Blyth
0%
C1,219Clarborough
0%
E1,274East Markham
0%
E5,318Edwinstone
0%
J2,760Jacksdale
0%
L2,603Langold
0%
N1,079North Leverton
0%
R1,434Ranskill
0%
S1,779Shireoaks
0%
S4,570Stanton Hill
0%

Score Distribution

Percentile by Number Answered

Percent of People with Each Score

Your Score History

You have not taken this quiz